الإحصائيات لـ دول أمريكا الجنوبية بأعلامها

أنقر هنا لكي تخضع للإختبار!

الإحصائيات العامة

  • هذا الإختبار تم الخضوع له 197 مره
  • الدرجة المتوسطة هي 5 من 12

إحصائيات الإجابة

Answer% صحيح
البرازيل
99%
كولومبيا
91%
الأرجنتين
55%
بيرو
45%
تشيلي
44%
أوروغواي
36%
إكوادور
35%
باراغواي
35%
بوليفيا
34%
فينيزويلا
30%
سورينام
30%
غبانا
1%

توزيع النقاط

النسبة وفقا للأرقام

نسبة الأشخاص لكل درجة

سجل النقاط الخاصة بك

لم تضخع لهذا الإختبار